El pianista Francisco Listz y la princesa de Sayn-Wittgenstein: recuerdos íntimos y correspondencia

Guardat en:
Dades bibliogràfiques
Autor principal: Schorn, A. von (Autor)
Format: Llibre
Idioma:espanyol
Publicat: Madrid La España Moderna 1922
Col·lecció:Biblioteca de Jurisprudencia, Filosofía e Historia
Matèries:
Etiquetes: Afegir etiqueta
Sense etiquetes, Sigues el primer a etiquetar aquest registre!

MARC

LEADER 00000nam a2200000 a 4500
001 UCW2430
003 CL-VaPUC
005 20210428113054.0
008 900419e19220000SP |||||||||||||||||spa|d
999 |c 216980  |d 216978 
040 |c Pontificia Universidad Católica de Valparaíso 
082 0 4 |a 780.08945116  |b SCH  |2 21 
100 0 |a Schorn, A. von  |e author  |9 306557 
245 1 3 |a El pianista Francisco Listz y la princesa de Sayn-Wittgenstein: recuerdos íntimos y correspondencia 
260 |a Madrid  |b La España Moderna  |c 1922 
300 |a 409 p 
490 0 |a Biblioteca de Jurisprudencia, Filosofía e Historia 
583 |a last modification  |c 19900419 00:00:00  |k Rodrigo Vera 
600 0 |a Liszt, Franz,  |d 1811-1886  |9 614058 
650 0 |a Correspondencia  |9 258963 
942 |c BK  |2 ddc 
945 |d 19900419 00:00:00